[Event "Oruro Baptista Memorial"]
[Site "Oruro"]
[Date "2023.11.05"]
[Round "9"]
[White "Jimenez Mercado, Julio Esteban"]
[Black "Ferrufino, Boris"]
[Result "1-0"]
[WhiteElo "1614"]
[BlackElo "1884"]
[PlyCount "99"]
[EventDate "2023.11.01"]
[EventType "swiss"]
[EventRounds "9"]
[EventCountry "BOL"]
[SourceTitle "Mega2024 Update 01"]
[Source "Chessbase"]
[SourceDate "2023.11.12"]
[SourceVersion "1"]
[SourceVersionDate "2023.11.12"]
[SourceQuality "1"]

1. d4 c5 2. d5 Nf6 3. Nc3 g6 4. e4 d6 5. Bb5+ Nbd7 6. a4 Bg7 7. Nf3 0-0 8. 0-0 Ne8 9. Qe2 Nc7 10. Re1 Ne5 11. Nxe5 Bxe5 12. Bh6 Bg7 13. Bxg7 Kxg7 14. f4 a6 15. Bd3 e6 16. f5 Qf6 17. e5 Qxe5 18. Qxe5+ dxe5 19. fxe6 fxe6 20. d6 Nd5 21. Nxd5 exd5 22. Rxe5 c4 23. Rxd5 Be6 24. Re5 Kf6 25. Rae1 Bg8 26. Bf1 Rfd8 27. Rc5 Rac8 28. Rxc8 Rxc8 29. d7 Rd8 30. Re8 Rxd7 31. Rxg8 b5 32. axb5 axb5 33. Rb8 Rd2 34. Rb6+ Kg7 35. Rxb5 Rxc2 36. Rb4 c3 37. bxc3 Rxc3 38. Rb7+ Kh6 39. Kf2 Ra3 40. Be2 Rc3 41. Bf3 Rd3 42. h4 Rd6 43. Kg3 Rd4 44. Kh3 Rd3 45. Rf7 Rd6 46. g4 g5 47. h5 Ra6 48. Rf5 Rb6 49. Kg3 Rb3 50. Rc5 1-0

[Event "Oruro Baptista Memorial"]
[Site "Oruro"]
[Date "2023.11.02"]
[Round "3"]
[White "Aguilar, Pedro"]
[Black "Jimenez Mercado, Julio Esteban"]
[Result "0-1"]
[WhiteElo "1832"]
[BlackElo "1614"]
[PlyCount "76"]
[EventDate "2023.11.01"]
[EventType "swiss"]
[EventRounds "9"]
[EventCountry "BOL"]
[SourceTitle "Mega2024 Update 01"]
[Source "Chessbase"]
[SourceDate "2023.11.12"]
[SourceVersion "1"]
[SourceVersionDate "2023.11.12"]
[SourceQuality "1"]

1. e4 e6 2. d3 d5 3. Nd2 Nf6 4. Ngf3 Nc6 5. c3 Bd6 6. Qc2 0-0 7. Be2 dxe4 8. dxe4 e5 9. Nc4 h6 10. h3 Be6 11. Be3 Qe7 12. b4 Rad8 13. 0-0 Rfe8 14. a3 a6 15. Rad1 Rd7 16. Rd2 b5 17. Nb2 Nd8 18. Rfd1 Nb7 19. a4 c6 20. Ra1 Bb8 21. Rxd7 Qxd7 22. Rd1 Qc8 23. Nd2 Nd6 24. f3 Nh5 25. Nb3 Ng3 26. Nc5 f5 27. axb5 cxb5 28. Bd3 fxe4 29. fxe4 Bf7 30. Qf2 Nh5 31. Ra1 Rf8 32. Qh4 Nf4 33. Bf1 Bg6 34. g3 Ne6 35. Bg2 Bxe4 36. Nbd3 Nc4 37. Bf2 Qe8 38. Rxa6 Qf7 0-1

[Event "La Paz GP op 3rd"]
[Site "La Paz"]
[Date "2023.08.19"]
[Round "5"]
[White "Quisbert Quispe, Leonidas Kalel"]
[Black "Jimenez Mercado, Julio Esteban"]
[Result "0-1"]
[WhiteElo "1326"]
[BlackElo "1662"]
[PlyCount "106"]
[EventDate "2023.08.17"]
[EventType "swiss"]
[EventRounds "7"]
[EventCountry "BOL"]
[SourceTitle "EXT 2024"]
[Source "ChessBase"]
[SourceDate "2023.10.10"]
[SourceVersion "1"]
[SourceVersionDate "2023.10.10"]
[SourceQuality "1"]

1. e4 e6 2. d4 d5 3. Nd2 h6 4. Ngf3 Nf6 5. e5 Nfd7 6. c3 c5 7. Bd3 Nc6 8. 0-0 g5 9. h3 h5 10. g4 hxg4 11. hxg4 Be7 12. Bc2 Qb6 13. Nb3 cxd4 14. cxd4 a5 15. a4 Qd8 16. Bd2 Nb4 17. Bxb4 Bxb4 18. Kg2 Nb6 19. Nbd2 Bd7 20. Rh1 Rxh1 21. Qxh1 Qe7 22. Bb3 0-0-0 23. Qc1+ Bc6 24. Nf1 Rg8 25. Bd1 Nd7 26. Ng3 f5 27. gxf5 g4 28. Nh2 exf5 29. Nxf5 Qh7 30. Qf4 Qh3+ 31. Kg1 Nf8 32. Bxg4 Ne6 33. Ng3 Rxg4 34. Qxg4 Qxg4 35. Nxg4 Nxd4 36. Rc1 Kd8 37. Ne3 Bd2 38. Rd1 Bxa4 39. Rxd2 Nf3+ 40. Kg2 Nxd2 41. Nxd5 Bc6 42. f4 Nc4 43. Kf2 Bxd5 44. Ke2 Nxb2 45. Nf5 a4 46. Kd2 a3 47. Kc1 Nd3+ 48. Kb1 Nxf4 49. Ne3 Be6 50. Nd1 Nd3 51. Nc3 a2+ 52. Nxa2 Bxa2+ 53. Kxa2 Nxe5 0-1

[Event "Cochabamba op 6th"]
[Site "Cochabamba"]
[Date "2023.03.04"]
[Round "5"]
[White "Titichoca Daza, Daniel Henry"]
[Black "Jimenez Mercado, Julio Esteban"]
[Result "1-0"]
[WhiteElo "2193"]
[BlackElo "1762"]
[PlyCount "71"]
[EventDate "2023.03.02"]
[EventType "swiss"]
[EventRounds "7"]
[EventCountry "BOL"]
[SourceTitle "CBM 213 Extra"]
[Source "ChessBase"]
[SourceDate "2023.05.31"]
[SourceVersion "1"]
[SourceVersionDate "2023.05.31"]
[SourceQuality "1"]

1. e4 e6 2. d4 d5 3. Nc3 Nf6 4. e5 Nfd7 5. f4 c5 6. Nf3 Nc6 7. Be3 Be7 8. Qd2 0-0 9. dxc5 Nxc5 10. 0-0-0 a6 11. Qf2 Qa5 12. Kb1 Bd7 13. f5 exf5 14. Rxd5 Ne4 15. Rxa5 Nxf2 16. Rd5 Nxh1 17. Rxd7 Rfd8 18. Rxd8+ Rxd8 19. g3 Bb4 20. Kc1 Bxc3 21. bxc3 h6 22. Bg2 Nxg3 23. hxg3 g5 24. Nd4 Re8 25. Nxc6 bxc6 26. Bxc6 Rxe5 27. Kd2 Kh7 28. c4 Kg6 29. c5 f4 30. gxf4 gxf4 31. Bd4 Re7 32. Bf3 Kg5 33. c6 h5 34. Bc5 Re8 35. c7 h4 36. Be7+ 1-0

[Event "Cochabamba op 6th"]
[Site "Cochabamba"]
[Date "2023.03.02"]
[Round "2"]
[White "Zubieta Echalar, Rafaella"]
[Black "Jimenez Mercado, Julio Esteban"]
[Result "1/2-1/2"]
[WhiteElo "1363"]
[BlackElo "1762"]
[PlyCount "136"]
[EventDate "2023.03.02"]
[EventType "swiss"]
[EventRounds "7"]
[EventCountry "BOL"]
[SourceTitle "CBM 213 Extra"]
[Source "ChessBase"]
[SourceDate "2023.05.31"]
[SourceVersion "1"]
[SourceVersionDate "2023.05.31"]
[SourceQuality "1"]

1. e4 e6 2. d4 d5 3. Nd2 Nc6 4. Ngf3 Nf6 5. e5 Nd7 6. g3 Ne7 7. Bg2 c5 8. c3 Nf5 9. Nb3 c4 10. Nbd2 b5 11. a3 a5 12. Nf1 Be7 13. Ne3 Nxe3 14. Bxe3 Qb6 15. 0-0 0-0 16. Qd2 Bb7 17. Bg5 Bxg5 18. Nxg5 h6 19. Nh3 b4 20. f4 f5 21. Kh1 Bc6 22. Nf2 bxc3 23. bxc3 Rab8 24. Nd1 Ba4 25. Rf2 Bxd1 26. Qxd1 Qb3 27. Qc1 Rb7 28. Bf3 Rfb8 29. Bd1 Qb6 30. Kg2 Qc7 31. h4 Rb6 32. Rfa2 R8b7 33. Bc2 Qb8 34. Kh3 h5 35. Qd1 g6 36. Qc1 Kf7 37. a4 Rb2 38. Ra3 R7b6 39. R3a2 Rxc2 40. Rxc2 Qb7 41. Qd2 Nb8 42. Raa2 Nc6 43. Rcb2 Rb3 44. Qe2 Ne7 45. Kg2 Ng8 46. Rxb3 cxb3 47. Qb2 Qa6 48. Ra3 Qd3 49. Rxb3 Kg7 50. Rb7+ Kh6 51. Rb6 Qe4+ 52. Kh2 Kg7 53. Rxe6 Nh6 54. Qb7+ Kh8 55. Re8+ Ng8 56. Qb2 Kg7 57. Qb7+ Kh8 58. Rxg8+ Kxg8 59. Qc8+ Kg7 60. Qb7+ Kh6 61. Qb2 Qe3 62. Qc2 Qe1 63. Kg2 Qe3 64. Kh2 Qe1 65. Qb2 Qe3 66. Kg2 Qe4+ 67. Kh2 Qe3 68. Qc2 Qe1 1/2-1/2

[Event "Oruro op 4th"]
[Site "Oruro"]
[Date "2023.02.11"]
[Round "5"]
[White "Jimenez Mercado, Julio Esteban"]
[Black "Arias, Pablo"]
[Result "1-0"]
[WhiteElo "1593"]
[BlackElo "2070"]
[PlyCount "75"]
[EventDate "2023.02.09"]
[EventType "swiss"]
[EventRounds "7"]
[EventCountry "BOL"]
[SourceTitle "CBM 213 Extra"]
[Source "ChessBase"]
[SourceDate "2023.05.31"]
[SourceVersion "1"]
[SourceVersionDate "2023.05.31"]
[SourceQuality "1"]

1. d4 Nf6 2. Bf4 g6 3. Nc3 Bg7 4. e4 0-0 5. Qd2 d6 6. 0-0-0 Nbd7 7. e5 Ne8 8. Bh6 c5 9. dxc5 Nxe5 10. h4 Bxh6 11. Qxh6 Ng4 12. Qd2 h5 13. f3 Ngf6 14. g4 Be6 15. Be2 Qa5 16. gxh5 Nxh5 17. Qh6 Qxc5 18. Ne4 Qe5 19. Kb1 Rc8 20. Bd3 Qg7 21. Qd2 Nef6 22. Ng5 Bc4 23. Ne2 Bxd3 24. Qxd3 Nd7 25. f4 Nc5 26. Qe3 e6 27. Ng3 Nxg3 28. Qxg3 f6 29. Nf3 Ne4 30. Qg2 Rc5 31. Qe2 f5 32. h5 Rfc8 33. Rhg1 Qc7 34. Rxg6+ Kh7 35. Nd4 Qb6 36. Qg2 Nc3+ 37. Ka1 Nxd1 38. Rh6+ 1-0

[Event "Oruro op 4th"]
[Site "Oruro"]
[Date "2023.02.10"]
[Round "3"]
[White "Jimenez Mercado, Julio Esteban"]
[Black "Marquez, Ricardo Matias"]
[Result "1-0"]
[WhiteElo "1593"]
[BlackElo "1206"]
[PlyCount "91"]
[EventDate "2023.02.09"]
[EventType "swiss"]
[EventRounds "7"]
[EventCountry "BOL"]
[SourceTitle "CBM 213 Extra"]
[Source "ChessBase"]
[SourceDate "2023.05.31"]
[SourceVersion "1"]
[SourceVersionDate "2023.05.31"]
[SourceQuality "1"]

1. d4 d5 2. Nf3 Bf5 3. Bf4 e6 4. c4 Nc6 5. Qb3 Nb4 6. Na3 c6 7. e3 Qa5 8. Nd2 Nf6 9. f3 Be7 10. h4 h5 11. Be2 0-0 12. 0-0 Na6 13. Ndb1 b6 14. Rc1 Bxa3 15. Qxa3 Qxa3 16. Nxa3 c5 17. cxd5 Nb4 18. dxe6 Bxe6 19. dxc5 bxc5 20. Nc4 Rfd8 21. Be5 Bxc4 22. Bxc4 Nfd5 23. a3 Nc6 24. Bxd5 Rxd5 25. Bf4 Na5 26. Rc3 Rd2 27. b4 cxb4 28. axb4 Nb7 29. Rc7 Nd8 30. Raxa7 Rb8 31. Rd7 Rxd7 32. Rxd7 Rc8 33. b5 Ne6 34. Bg3 Rc1+ 35. Kh2 Rb1 36. Rb7 Kf8 37. b6 Ke8 38. f4 Nc5 39. Rb8+ Kd7 40. f5 Rb3 41. Bf4 Ke7 42. Rc8 Na6 43. Bc7 f6 44. Rg8 Kf7 45. Rh8 g6 46. Rh7+ 1-0

[Event "La Paz op"]
[Site "La Paz"]
[Date "2022.09.17"]
[Round "5"]
[White "Jimenez Mercado, Julio Esteban"]
[Black "Zubieta Echalar, Eduardo"]
[Result "0-1"]
[WhiteElo "1642"]
[BlackElo "1429"]
[PlyCount "50"]
[EventDate "2022.09.15"]
[EventType "swiss"]
[EventRounds "7"]
[EventCountry "BOL"]
[SourceTitle "EXT 2023"]
[Source "ChessBase"]
[SourceDate "2022.10.05"]
[SourceVersion "1"]
[SourceVersionDate "2022.10.05"]
[SourceQuality "1"]

1. d4 Nf6 2. Bf4 d5 3. e3 e6 4. Nd2 c5 5. c3 Nc6 6. Bd3 c4 7. Bc2 Bd6 8. Bg3 Bxg3 9. hxg3 b5 10. Ngf3 Bd7 11. e4 h6 12. 0-0 0-0 13. e5 Nh5 14. Nh4 b4 15. f4 bxc3 16. bxc3 Qa5 17. Qf3 Nxd4 18. Bh7+ Kxh7 19. cxd4 Qxd2 20. Rfd1 Qb2 21. g4 Ba4 22. Rab1 Bxd1 23. Qxd1 Qc3 24. Kh2 Rab8 25. Rc1 Qe3 0-1

[Event "Pan American-ch Hybrid U16 31st"]
[Site "Tornelo INT"]
[Date "2021.09.04"]
[Round "6"]
[White "Jimenez Mercado, Julio Esteban"]
[Black "Ragoobar, Keagan"]
[Result "1-0"]
[WhiteElo "1143"]
[BlackElo "1345"]
[PlyCount "53"]
[EventDate "2021.09.04"]
[EventType "swiss"]
[EventRounds "9"]
[EventCountry "NET"]
[SourceTitle "EXT 2023"]
[Source "ChessBase"]
[SourceDate "2022.10.05"]
[SourceVersion "1"]
[SourceVersionDate "2022.10.05"]
[SourceQuality "1"]

1. d4 Nf6 2. Bf4 g6 3. Nc3 Bg7 4. e4 d6 5. Qd2 0-0 6. 0-0-0 Nc6 7. Nge2 Ng4 8. Ng3 e5 9. dxe5 Ngxe5 10. f3 Re8 11. Bh6 Bh8 12. h4 Be6 13. h5 Qd7 14. hxg6 fxg6 15. Nge2 Na5 16. b3 a6 17. Nd4 Nac6 18. Nxe6 Rxe6 19. f4 Nf7 20. f5 gxf5 21. exf5 Bxc3 22. Qxc3 Rxh6 23. Qg3+ Kf8 24. Bc4 Qxf5 25. Rhf1 Qa5 26. Rxf7+ Ke8 27. Qg8# 1-0

[Event "Pan American-ch Hybrid U16 31st"]
[Site "Tornelo INT"]
[Date "2021.09.04"]
[Round "1"]
[White "Rosales Campos, Paul"]
[Black "Jimenez Mercado, Julio Esteban"]
[Result "1-0"]
[WhiteElo "1991"]
[BlackElo "1143"]
[PlyCount "115"]
[EventDate "2021.09.04"]
[EventType "swiss"]
[EventRounds "9"]
[EventCountry "NET"]
[SourceTitle "EXT 2023"]
[Source "ChessBase"]
[SourceDate "2022.10.05"]
[SourceVersion "1"]
[SourceVersionDate "2022.10.05"]
[SourceQuality "1"]

1. e4 e6 2. d4 d5 3. Nc3 Nf6 4. Bg5 Be7 5. e5 Nfd7 6. Bxe7 Qxe7 7. Nb5 Nb6 8. a4 a6 9. a5 axb5 10. axb6 Rxa1 11. Qxa1 0-0 12. bxc7 Qxc7 13. Bd3 Nc6 14. Nf3 Nb4 15. Qd1 Nxd3+ 16. Qxd3 Qa5+ 17. Ke2 Bd7 18. Rd1 b4 19. Ke3 Bb5 20. Qd2 Rc8 21. Kf4 h6 22. g4 Qa6 23. Rc1 Rc4 24. h4 Qa2 25. c3 bxc3 26. bxc3 Qxd2+ 27. Nxd2 Rc8 28. Ke3 Kf8 29. f4 Ke7 30. Rc2 Ba6 31. Nb3 b6 32. Kd2 h5 33. g5 g6 34. Ra2 Bc4 35. Ra7+ Ke8 36. Na1 Rd8 37. Rb7 b5 38. Nc2 Rd7 39. Rb6 Ra7 40. Nb4 Ra1 41. Rd6 Rh1 42. Nc6 Kf8 43. Rd8+ Kg7 44. Ne7 Rxh4 45. Ng8 Rxf4 46. Nf6 Rxf6 47. exf6+ Kh7 48. Ke3 h4 49. Kf2 h3 50. Kg3 Bf1 51. Rf8 e5 52. Rxf7+ Kg8 53. Rg7+ Kf8 54. dxe5 b4 55. e6 Bb5 56. Rb7 bxc3 57. Rxb5 c2 58. Rb8# 1-0